| 000 | 004020000a22001690004500 | ||
|---|---|---|---|
| 003 | MACL | ||
| 005 | 20160130134844.0 | ||
| 008 | 160130b xxu||||| |||| 00| 0 eng d | ||
| 040 |
_aMACL _cMACL |
||
| 041 | _aEnglish | ||
| 082 | _a823/FOL | ||
| 100 |
_aFollett, Ken _935388 |
||
| 245 | _aThe Third Twin | ||
| 260 |
_bFawcett Crest _c1997 _aAmerica |
||
| 650 |
_aFiction _936061 |
||
| 942 |
_cBK _k823/ _2ddc |
||
| 999 |
_c32218 _d32218 |
||